000 00275nam a22001217a 4500
020 _a978 81 908921 7 0
082 _a82-32=214.21
_bCHA
100 _aSARATHCHANDRA
245 _aBadee deedi (Hindi)
260 _aDelhi
_bSahithya Samnjan
_c2009
300 _a63p.
942 _cBK
999 _c74976
_d74976